LEADER 00996nam0-2200337---450- 001 990010093030403321 005 20160722102147.0 035 $a001009303 035 $aFED01001009303 035 $a(Aleph)001009303FED01 035 $a001009303 100 $a20160722d1992----km-y0itay50------ba 101 0 $aita 102 $aIT 105 $aY-------001yy 200 1 $aCome dice il poeta...$epercorsi greci e latini di parole poetiche$fAstarita [et al.]$ga cura di A. De Vivo e L. Spina 210 $aNapoli$cLoffredo$dstampa 1992 215 $a192 p.$d21 cm 610 0 $aPoesia latina 610 0 $aPoesia greca 676 $a888.0108 702 1$aSpina,$bLuigi$f<1946- > 702 1$aAstarita,$bMaria Laura 702 1$aDe Vivo,$bArturo$f<1950- > 801 0$aIT$bUNINA$gRICA$2UNIMARC 901 $aBK 912 $a990010093030403321 952 $aP2B-270-ASTARITA-1992$bDip. Fil. mod. 5592$fFLFBC 959 $aFLFBC 996 $aCome dice il poeta..$91080905 997 $aUNINA LEADER 01789nam 2200577 450 001 9910454031103321 005 20200520144314.0 010 $a1-4698-7491-1 035 $a(CKB)1000000000753657 035 $a(OCoLC)880453830 035 $a(CaPaEBR)ebrary10865286 035 $a(SSID)ssj0000353388 035 $a(PQKBManifestationID)11260942 035 $a(PQKBTitleCode)TC0000353388 035 $a(PQKBWorkID)10287050 035 $a(PQKB)11712793 035 $a(MiAaPQ)EBC3418724 035 $a(Au-PeEL)EBL3418724 035 $a(CaPaEBR)ebr10865286 035 $a(EXLCZ)991000000000753657 100 $a20140509h20022002 uy 0 101 0 $aeng 135 $aurcnu|||||||| 181 $ctxt 182 $cc 183 $acr 200 10$aOcular differential diagnosis /$fFrederick Hampton Roy ; Jonathan Pine, acquisition editor ; Selina M. Bush, developmental editor ; Thomas Boyce, production editor ; Christine Jenny, cover designer 205 $aSeventh edition. 210 1$aPhiladelphia, Pennsylvania :$cLippincott Williams & Wilkins,$d2002. 210 4$dİ2002 215 $a1 online resource (690 p.) 300 $aIncludes index. 311 $a0-7817-3607-2 606 $aEye$xDiseases$xDiagnosis 606 $aDiagnosis, Differential 608 $aElectronic books. 615 0$aEye$xDiseases$xDiagnosis. 615 0$aDiagnosis, Differential. 676 $a617.7/15 700 $aRoy$b Frederick Hampton$0477766 702 $aPine$b Jonathan 702 $aBush$b Selina M. 702 $aBoyce$b Thomas 702 $aJenny$b Christine 801 0$bMiAaPQ 801 1$bMiAaPQ 801 2$bMiAaPQ 906 $aBOOK 912 $a9910454031103321 996 $aOcular differential diagnosis$9241004 997 $aUNINA